Digital luxury : (Record no. 3349)
[ view plain ]
| 000 -LEADER | |
|---|---|
| fixed length control field | 00727nam a22002055i 4500 |
| 008 - FIXED-LENGTH DATA ELEMENTS--GENERAL INFORMATION | |
| fixed length control field | 190318s2019 cau 000 0 eng |
| 020 ## - INTERNATIONAL STANDARD BOOK NUMBER | |
| ISBN | 9781526458940 (pbk. : alk. paper) |
| 020 ## - INTERNATIONAL STANDARD BOOK NUMBER | |
| ISBN | 9781526458933 (hardcover : alk. paper) |
| 020 ## - INTERNATIONAL STANDARD BOOK NUMBER | |
| ISBN | 9781526483560 (epub2) |
| 020 ## - INTERNATIONAL STANDARD BOOK NUMBER | |
| ISBN | 9781526483577 (epub3) |
| 020 ## - INTERNATIONAL STANDARD BOOK NUMBER | |
| ISBN | 9781526483584 (web pdf) |
| 020 ## - INTERNATIONAL STANDARD BOOK NUMBER | |
| ISBN | 9781526483591 (xmltei) |
| 100 1# - MAIN ENTRY--AUTHOR | |
| Author | Batat, Wided. |
| 245 10 - TITLE STATEMENT | |
| Title | Digital luxury : |
| Remainder of title | transforming brands and consumer experiences / |
| Statement of responsibility, etc | Wided Batat. |
| 260 ## - PUBLICATION, DISTRIBUTION, ETC. (IMPRINT) | |
| Place of publication | Los Angeles |
| Name of publisher | SAGE |
| Date of publication | 2019 |
| 300 ## - COLLATION | |
| Pagination | xvi, 258pages: 24.1cm |
| Other physical details | illustration; |
| 650 ## - TRACINGS | |
| Main Subject | Luxury Goods Industry - Management. |
| Subdivision (1st) | Technology Innovations - Economic Aspects. |
| 942 ## - ADDED ENTRY ELEMENTS (KOHA) | |
| Item type | Books |
| 050 ## - LIBRARY OF CONGRESS CALL NUMBER | |
| Classification number | HD9999 |
| Item number | B38 |
| Source of classification or shelving scheme | Not for loan | Permanent location | Current location | Date acquired | Accession No. | Full call number | Barcode. | Koha item type |
|---|---|---|---|---|---|---|---|---|
| Library of Congress Classification | Samuel Ogbemudia Main Library, University of Abuja | Samuel Ogbemudia Main Library, University of Abuja | 05/07/2025 | 2024/64103 | HD9999.B38 | 2025-1812 | Books |